[Event "RM-2023-0-00281"]
[Site "LSS email"]
[Date "2023.03.28"]
[Round "?"]
[White "Sorcinelli, Andrea"]
[Black "Oliveira, Diogo"]
[Result "1/2-1/2"]
[WhiteElo "2275"]
[BlackElo "2240"]
[PlyCount "55"]
[EventDate "2023.01.28"]
[EventType "tourn (corr)"]
[EventRounds "6"]
[EventCountry "GER"]
[SourceTitle "Corr 2024"]
[Source "ChessBase"]
[SourceDate "2023.10.19"]
[SourceVersion "1"]
[SourceVersionDate "2023.10.19"]
[SourceQuality "1"]

1. e4 e5 2. Bc4 Nf6 3. Nc3 Nc6 4. Bb3 Bc5 5. d3 a5 6. a4 d6 7. Nf3 Be6 8. Bxe6 fxe6 9. Nb5 Qd7 10. h3 0-0 11. Be3 b6 12. 0-0 Ne7 13. Qd2 h6 14. Bxc5 bxc5 15. b3 Ng6 16. Rae1 Rf7 17. Re3 Raf8 18. Nh2 Qe7 19. g3 d5 20. Ree1 c4 21. bxc4 d4 22. Ra1 Nh5 23. Na7 Ra8 24. Nb5 Ngf4 25. gxf4 Rxf4 26. Kh1 Rh4 27. f4 c6 28. Rf3 1/2-1/2

[Event "RM-2023-0-00279"]
[Site "LSS email"]
[Date "2023.02.26"]
[Round "?"]
[White "Oliveira, Diogo"]
[Black "Martin, Simone"]
[Result "1/2-1/2"]
[WhiteElo "2244"]
[BlackElo "2210"]
[PlyCount "50"]
[EventDate "2022.12.22"]
[EventType "tourn (corr)"]
[EventRounds "6"]
[EventCountry "GER"]
[SourceTitle "Corr 2024"]
[Source "ChessBase"]
[SourceDate "2023.10.19"]
[SourceVersion "1"]
[SourceVersionDate "2023.10.19"]
[SourceQuality "1"]

1. c3 Nf6 2. d4 d5 3. Nf3 e6 4. Bg5 h6 5. Bxf6 Qxf6 6. e3 c5 7. Ne5 a6 8. f4 Nc6 9. Bd3 Nxe5 10. fxe5 Qh4+ 11. g3 Qg5 12. Qe2 Bd7 13. a4 h5 14. Nd2 Qh6 15. Nf3 f6 16. b3 Be7 17. 0-0 f5 18. h4 g5 19. hxg5 Bxg5 20. Kf2 Be7 21. Rh1 Kd8 22. Rh3 Kc7 23. Rah1 cxd4 24. cxd4 Kb6 25. Nh4 Rag8 1/2-1/2

[Event "RM-2023-0-00279"]
[Site "LSS email"]
[Date "2023.02.21"]
[Round "?"]
[White "Szulc, Stanislaw"]
[Black "Oliveira, Diogo"]
[Result "1/2-1/2"]
[WhiteElo "2216"]
[BlackElo "2244"]
[PlyCount "47"]
[EventDate "2022.12.22"]
[EventType "tourn (corr)"]
[EventRounds "6"]
[EventCountry "GER"]
[SourceTitle "Corr 2024"]
[Source "ChessBase"]
[SourceDate "2023.10.19"]
[SourceVersion "1"]
[SourceVersionDate "2023.10.19"]
[SourceQuality "1"]

1. e4 e5 2. Nf3 Nc6 3. Nc3 Nf6 4. d4 exd4 5. Nxd4 Bb4 6. Nxc6 bxc6 7. Bd3 d5 8. exd5 cxd5 9. 0-0 0-0 10. Bg5 Be6 11. Qf3 h6 12. Bxf6 Qxf6 13. Qxf6 gxf6 14. a3 Bxc3 15. bxc3 Rab8 16. Rab1 Rb6 17. Rb3 c5 18. Rxb6 axb6 19. Bb5 Ra8 20. a4 Bf5 21. Rc1 Kf8 22. Bc6 Rd8 23. Kf1 Ke7 24. f3 1/2-1/2

[Event "RM-2023-0-00278"]
[Site "LSS email"]
[Date "2023.01.27"]
[Round "?"]
[White "Oliveira, Diogo"]
[Black "Cirulis, Ilmars"]
[Result "1/2-1/2"]
[WhiteElo "2243"]
[BlackElo "2271"]
[PlyCount "73"]
[EventDate "2022.12.19"]
[EventType "tourn (corr)"]
[EventRounds "6"]
[EventCountry "GER"]
[SourceTitle "Corr 2024"]
[Source "ChessBase"]
[SourceDate "2023.10.19"]
[SourceVersion "1"]
[SourceVersionDate "2023.10.19"]
[SourceQuality "1"]

1. e4 e6 2. d4 d5 3. Nc3 Nf6 4. e5 Nfd7 5. f4 c5 6. Be3 Nc6 7. Nf3 cxd4 8. Nxd4 Qb6 9. Qd2 Qxb2 10. Rb1 Qa3 11. Bb5 Nxd4 12. Bxd4 a6 13. Bxd7+ Bxd7 14. Rb3 Qe7 15. Rxb7 Rc8 16. 0-0 Qd8 17. Qe3 Rc4 18. Rfb1 Be7 19. f5 Bg5 20. Qd3 0-0 21. f6 Bc6 22. Re7 h6 23. g3 h5 24. h4 Bh6 25. Rb6 Qa8 26. Kh2 Rb8 27. Rb3 Rbb4 28. Ne2 Bb5 29. Qf3 g6 30. c3 Ra4 31. Rb2 Bf8 32. g4 Bxe7 33. gxh5 Qf8 34. hxg6 fxg6 35. Qg3 Be8 36. fxe7 Qxe7 37. Nf4 1/2-1/2

[Event "SM-2022-0-00496"]
[Site "LSS email"]
[Date "2022.12.29"]
[Round "?"]
[White "Oliveira, Diogo"]
[Black "Koch, Christian"]
[Result "1/2-1/2"]
[WhiteElo "2249"]
[BlackElo "2324"]
[PlyCount "56"]
[EventDate "2022.12.07"]
[EventType "tourn (corr)"]
[EventRounds "6"]
[EventCountry "GER"]
[SourceTitle "Corr 2024"]
[Source "ChessBase"]
[SourceDate "2023.10.19"]
[SourceVersion "1"]
[SourceVersionDate "2023.10.19"]
[SourceQuality "1"]

1. e4 c5 2. Ne2 Nf6 3. Nbc3 d6 4. g3 g6 5. Bg2 Bg7 6. 0-0 Nc6 7. d3 0-0 8. h3 Rb8 9. f4 Bd7 10. Be3 b5 11. a3 a5 12. Qd2 Ne8 13. g4 Nd4 14. f5 Nxe2+ 15. Nxe2 Bxb2 16. Rab1 Bg7 17. c3 Bc6 18. Rf2 Rb7 19. d4 Qb8 20. Rc1 b4 21. axb4 axb4 22. cxb4 Rxb4 23. dxc5 Bxe4 24. Bxe4 Rxe4 25. Nc3 Rxe3 26. Qxe3 dxc5 27. Ne2 Bf6 28. fxg6 hxg6 1/2-1/2

[Event "SM-2022-0-00496"]
[Site "LSS email"]
[Date "2022.12.29"]
[Round "?"]
[White "Oliveira, Diogo"]
[Black "Zielinski, Sergej"]
[Result "1/2-1/2"]
[WhiteElo "2249"]
[BlackElo "2260"]
[PlyCount "73"]
[EventDate "2022.12.07"]
[EventType "tourn (corr)"]
[EventRounds "6"]
[EventCountry "GER"]
[SourceTitle "Corr 2024"]
[Source "ChessBase"]
[SourceDate "2023.10.19"]
[SourceVersion "1"]
[SourceVersionDate "2023.10.19"]
[SourceQuality "1"]

1. c3 Nf6 2. d4 g6 3. Bf4 Bg7 4. Nf3 0-0 5. Nbd2 d6 6. e4 Nbd7 7. Be2 Re8 8. h3 e5 9. dxe5 dxe5 10. Be3 Nh5 11. 0-0 Nf4 12. Bc4 Nb6 13. Bb3 Qf6 14. a4 a5 15. h4 Bg4 16. Qc2 Nh5 17. Nh2 Bd7 18. Ndf3 Qe7 19. Rfe1 Nf6 20. Ng5 Rf8 21. f4 exf4 22. Bxf4 Nc4 23. Qf2 Nh5 24. Bxc4 Nxf4 25. e5 Be6 26. Ng4 Nh5 27. Bxe6 fxe6 28. Nf3 Rf4 29. Ngh2 Rc4 30. g3 Rf8 31. Kg2 Bh6 32. Rad1 Qe8 33. Rd4 Rxa4 34. Ng4 Bg7 35. Ree4 Rxd4 36. Qxd4 Qb5 37. Nf2 1/2-1/2

[Event "RM-2022-0-00275"]
[Site "LSS email"]
[Date "2022.12.15"]
[Round "?"]
[White "Oliveira, Diogo"]
[Black "Ozen, Bahadir"]
[Result "1/2-1/2"]
[WhiteElo "2244"]
[BlackElo "2247"]
[PlyCount "63"]
[EventDate "2022.10.30"]
[EventType "tourn (corr)"]
[EventRounds "6"]
[EventCountry "GER"]
[SourceTitle "Corr 2024"]
[Source "ChessBase"]
[SourceDate "2023.10.19"]
[SourceVersion "1"]
[SourceVersionDate "2023.10.19"]
[SourceQuality "1"]

1. Nf3 d5 2. c4 e6 3. g3 Nf6 4. d4 Bb4+ 5. Bd2 Be7 6. Qc2 0-0 7. Bg2 c6 8. h4 Nbd7 9. Nc3 dxc4 10. Rd1 b5 11. Ne5 Bb7 12. Nxb5 Qc8 13. Qxc4 c5 14. Bf3 Bxf3 15. exf3 a6 16. Na3 cxd4 17. Nc6 Bd6 18. Nxd4 Bxa3 19. Qxc8 Rfxc8 20. bxa3 Rc4 21. Bc1 Nd5 22. Nb3 Rac8 23. Bb2 N7b6 24. Rd2 Ra4 25. 0-0 Nc4 26. Rc1 Rd8 27. Nc5 Nxb2 28. Nb7 Nc4 29. Rd4 Rf8 30. Rcxc4 Rxa3 31. Ra4 Rxf3 32. Rxa6 1/2-1/2

[Event "SM-2022-0-00487"]
[Site "LSS email"]
[Date "2022.10.23"]
[Round "?"]
[White "Martin, Simone"]
[Black "Oliveira, Diogo"]
[Result "1/2-1/2"]
[WhiteElo "2199"]
[BlackElo "2244"]
[PlyCount "60"]
[EventDate "2022.09.28"]
[EventType "tourn (corr)"]
[EventRounds "6"]
[EventCountry "GER"]
[SourceTitle "Corr 2024"]
[Source "ChessBase"]
[SourceDate "2023.10.19"]
[SourceVersion "1"]
[SourceVersionDate "2023.10.19"]
[SourceQuality "1"]

1. d4 d6 2. e4 Nf6 3. f3 e5 4. d5 c6 5. c4 Be7 6. Nc3 0-0 7. Be3 a5 8. Nge2 Na6 9. Qd2 Bd7 10. g4 cxd5 11. cxd5 a4 12. h4 Ne8 13. Ng3 Bxh4 14. Kf2 Nc5 15. Kg2 Bxg3 16. Kxg3 f6 17. Qh2 h6 18. Rc1 Qa5 19. Qf2 Rc8 20. Bd2 Qd8 21. Be3 Kf7 22. Bb5 b6 23. Qd2 Bxb5 24. Nxb5 Qd7 25. Na3 Kg8 26. Qe2 Rf7 27. Rc3 Nc7 28. Rh3 Rcf8 29. Rh5 Qc8 30. Rc1 Nxd5 1/2-1/2

[Event "SM-2022-0-00487"]
[Site "LSS email"]
[Date "2022.10.23"]
[Round "?"]
[White "Zielinski, Sergej"]
[Black "Oliveira, Diogo"]
[Result "1-0"]
[WhiteElo "2247"]
[BlackElo "2244"]
[PlyCount "81"]
[EventDate "2022.09.28"]
[EventType "tourn (corr)"]
[EventRounds "6"]
[EventCountry "GER"]
[SourceTitle "Corr 2024"]
[Source "ChessBase"]
[SourceDate "2023.10.19"]
[SourceVersion "1"]
[SourceVersionDate "2023.10.19"]
[SourceQuality "1"]

1. c4 e5 2. Nc3 Bb4 3. Nd5 Bc5 4. e3 Nf6 5. b4 Be7 6. Nxe7 Qxe7 7. Bb2 0-0 8. Ne2 d5 9. cxd5 Nxd5 10. a3 a5 11. b5 c6 12. Ng3 f5 13. Bc4 Be6 14. Rc1 Nc7 15. Qc2 cxb5 16. Bxe6+ Nxe6 17. Nxf5 Qf7 18. g4 Nc6 19. f4 Rac8 20. Qb3 Kh8 21. Nd6 Qe7 22. Nxc8 Qh4+ 23. Kd1 Qxg4+ 24. Kc2 Qf5+ 25. Qd3 e4 26. Qf1 Rxc8 27. Kb1 Rd8 28. Rg1 Kg8 29. a4 bxa4 30. Qc4 Kf8 31. Qxa4 Rd3 32. Qc4 g6 33. h4 Ne7 34. Be5 Nc6 35. Qb5 Qf7 36. Bb2 Rxd2 37. h5 Ned8 38. hxg6 hxg6 39. Rcd1 Rd7 40. Rh1 Rxd1+ 41. Rxd1 1-0

[Event "RM-2022-0-00270"]
[Site "LSS email"]
[Date "2022.10.06"]
[Round "?"]
[White "Oliveira, Diogo"]
[Black "Van Bommel, Ton"]
[Result "1-0"]
[WhiteElo "2231"]
[BlackElo "2164"]
[PlyCount "81"]
[EventDate "2022.06.10"]
[EventType "tourn (corr)"]
[EventRounds "6"]
[EventCountry "GER"]
[SourceTitle "Corr 2024"]
[Source "ChessBase"]
[SourceDate "2023.10.19"]
[SourceVersion "1"]
[SourceVersionDate "2023.10.19"]
[SourceQuality "1"]

1. d4 Nf6 2. c4 g6 3. Nc3 d5 4. cxd5 Nxd5 5. Bd2 Bg7 6. e4 Nxc3 7. Bxc3 0-0 8. Qd2 Nd7 9. Nf3 b6 10. Bd3 e6 11. h4 h5 12. 0-0-0 c5 13. Bc2 Bb7 14. d5 exd5 15. exd5 Bxc3 16. bxc3 b5 17. Rh3 Nb6 18. Qf4 Nxd5 19. Qh6 Qf6 20. Ng5 Qg7 21. Qxg7+ Kxg7 22. Be4 Nf4 23. Bxb7 Nxh3 24. Bxa8 Nxg5 25. Bc6 Ne6 26. Bxb5 Rb8 27. Bc4 Rb7 28. Kc2 Nf8 29. Rd6 Nd7 30. Rc6 Ne5 31. Rxc5 Ng4 32. Bd5 Rd7 33. c4 Nxf2 34. Kc3 Ng4 35. Bc6 Rd6 36. a4 Ne3 37. a5 Rd1 38. Be4 Ra1 39. Kb4 Rh1 40. g3 Rg1 41. Rc7 1-0

[Event "RM-2022-0-00270"]
[Site "LSS email"]
[Date "2022.09.17"]
[Round "?"]
[White "Ozen, Bahadir"]
[Black "Oliveira, Diogo"]
[Result "1/2-1/2"]
[WhiteElo "2256"]
[BlackElo "2231"]
[PlyCount "43"]
[EventDate "2022.06.10"]
[EventType "tourn (corr)"]
[EventRounds "6"]
[EventCountry "GER"]
[SourceTitle "Corr 2024"]
[Source "ChessBase"]
[SourceDate "2023.10.19"]
[SourceVersion "1"]
[SourceVersionDate "2023.10.19"]
[SourceQuality "1"]

1. e4 e5 2. Nf3 Nc6 3. Bb5 Nf6 4. 0-0 Nxe4 5. d4 Nd6 6. Bxc6 dxc6 7. dxe5 Nf5 8. Qxd8+ Kxd8 9. Nc3 Ke8 10. h3 Be6 11. g4 Ne7 12. Nd4 Bd7 13. f4 h5 14. f5 hxg4 15. hxg4 Rh4 16. Rf4 Nd5 17. Nxd5 cxd5 18. Bd2 Bc5 19. Kg2 Bxd4 20. Rxd4 c5 21. Rf4 Ke7 22. Rc4 1/2-1/2

[Event "RM-2022-0-00269"]
[Site "LSS email"]
[Date "2022.08.07"]
[Round "?"]
[White "Oliveira, Diogo"]
[Black "Cirulis, Ilmars"]
[Result "1/2-1/2"]
[WhiteElo "2233"]
[BlackElo "2281"]
[PlyCount "60"]
[EventDate "2022.05.26"]
[EventType "tourn (corr)"]
[EventRounds "6"]
[EventCountry "GER"]
[SourceTitle "Corr 2024"]
[Source "ChessBase"]
[SourceDate "2023.10.19"]
[SourceVersion "1"]
[SourceVersionDate "2023.10.19"]
[SourceQuality "1"]

1. e4 e6 2. d4 d5 3. Nc3 Nf6 4. Bg5 dxe4 5. Nxe4 Nbd7 6. Nf3 h6 7. Bh4 Be7 8. Nxf6+ Bxf6 9. Bxf6 Nxf6 10. Qd2 0-0 11. 0-0-0 b6 12. Rg1 Bb7 13. Be2 Ng4 14. Bd3 c5 15. dxc5 Qe7 16. h3 Nf6 17. cxb6 axb6 18. Kb1 Ra4 19. a3 Rc8 20. Rge1 Ne4 21. Bxe4 Bxe4 22. Nd4 Qb7 23. Qe3 Bg6 24. g4 b5 25. f4 b4 26. f5 bxa3 27. b3 exf5 28. gxf5 Rxd4 29. Rxd4 Bxf5 30. Rd2 Qc6 1/2-1/2

[Event "RM-2022-0-00269"]
[Site "LSS email"]
[Date "2022.08.07"]
[Round "?"]
[White "Oliveira, Diogo"]
[Black "Ozen, Bahadir"]
[Result "1/2-1/2"]
[WhiteElo "2233"]
[BlackElo "2218"]
[PlyCount "60"]
[EventDate "2022.05.26"]
[EventType "tourn (corr)"]
[EventRounds "6"]
[EventCountry "GER"]
[SourceTitle "Corr 2024"]
[Source "ChessBase"]
[SourceDate "2023.10.19"]
[SourceVersion "1"]
[SourceVersionDate "2023.10.19"]
[SourceQuality "1"]

1. d4 Nf6 2. c4 e6 3. Nc3 Bb4 4. Qc2 0-0 5. e4 d5 6. e5 Ne4 7. Bd3 c5 8. Nf3 cxd4 9. Nxd4 Nd7 10. Bf4 Qh4 11. g3 Qh5 12. 0-0 g5 13. cxd5 gxf4 14. dxe6 Nxe5 15. Nxe4 fxe6 16. gxf4 Rxf4 17. Kh1 Kh8 18. Rg1 Nxd3 19. Qxd3 Be7 20. Rac1 Bd7 21. Qg3 Rf7 22. Rc7 Bh4 23. Qg4 Qxg4 24. Rxg4 e5 25. Rxh4 exd4 26. Ng5 Re7 27. f3 Rg8 28. Re4 Rxe4 29. fxe4 Rxg5 30. Rxd7 Rc5 1/2-1/2

[Event "RM-2022-0-00269"]
[Site "LSS email"]
[Date "2022.08.07"]
[Round "?"]
[White "Susla, Vitaliy"]
[Black "Oliveira, Diogo"]
[Result "1/2-1/2"]
[WhiteElo "2316"]
[BlackElo "2233"]
[PlyCount "80"]
[EventDate "2022.05.26"]
[EventType "tourn (corr)"]
[EventRounds "6"]
[EventCountry "GER"]
[SourceTitle "Corr 2024"]
[Source "ChessBase"]
[SourceDate "2023.10.19"]
[SourceVersion "1"]
[SourceVersionDate "2023.10.19"]
[SourceQuality "1"]

1. d4 d6 2. e4 Nf6 3. Nc3 e5 4. Nge2 c6 5. h3 Be7 6. g4 0-0 7. Bg2 Nbd7 8. a4 a5 9. Be3 h6 10. Ng3 Re8 11. d5 Nc5 12. Qd2 Bd7 13. 0-0 cxd5 14. exd5 Rc8 15. f4 exf4 16. Bxf4 Qb6 17. Be3 Qb4 18. Qf2 Rf8 19. Bd4 Ne8 20. Nce2 Bh4 21. Bc3 Qb6 22. Qd4 Bf6 23. Rxf6 Nxf6 24. b3 Qd8 25. Rf1 Re8 26. Qf4 Qe7 27. Bxf6 Qxf6 28. Qxf6 gxf6 29. Rxf6 h5 30. gxh5 Nxa4 31. bxa4 Rxc2 32. Nd4 Rb2 33. Rf3 Re1+ 34. Kh2 Rd1 35. Ndf5 Bxf5 36. Nxf5 b5 37. axb5 Kh8 38. Nxd6 Rxd5 39. Nxf7+ Kg8 40. Nh6+ Kg7 1/2-1/2

[Event "RM-2022-0-00268"]
[Site "LSS email"]
[Date "2022.07.19"]
[Round "?"]
[White "Oliveira, Diogo"]
[Black "Nichols, Scott"]
[Result "1/2-1/2"]
[WhiteElo "2221"]
[BlackElo "2325"]
[PlyCount "75"]
[EventDate "2022.05.17"]
[EventType "tourn (corr)"]
[EventRounds "6"]
[EventCountry "GER"]
[SourceTitle "Corr 2024"]
[Source "ChessBase"]
[SourceDate "2023.10.19"]
[SourceVersion "1"]
[SourceVersionDate "2023.10.19"]
[SourceQuality "1"]

1. e4 e5 2. Nf3 Nc6 3. Bb5 Nf6 4. d3 Bc5 5. c3 0-0 6. 0-0 d5 7. Nbd2 dxe4 8. dxe4 Qe7 9. b4 Bd6 10. Bb2 a5 11. a3 Rd8 12. Qc2 Nh5 13. g3 h6 14. Be2 Bh3 15. Rfd1 Qe6 16. Ne1 Nf6 17. f3 Nd7 18. Rab1 axb4 19. axb4 Be7 20. Nd3 Qg6 21. f4 Bg4 22. f5 Qh5 23. Bxg4 Qxg4 24. Re1 f6 25. Nf2 Qh5 26. Nc4 Qf7 27. Qe2 Na7 28. Red1 Nc8 29. Ne3 c6 30. h4 b5 31. c4 bxc4 32. Nxc4 Ndb6 33. Rxd8+ Bxd8 34. Ne3 Nd6 35. Rc1 Nbc8 36. Rxc6 Qb7 37. Qc2 Qxb4 38. Nd5 1/2-1/2

[Event "RM-2022-0-00264"]
[Site "LSS email"]
[Date "2022.05.11"]
[Round "?"]
[White "Oliveira, Diogo"]
[Black "Nichols, Scott"]
[Result "1/2-1/2"]
[WhiteElo "2229"]
[BlackElo "2331"]
[PlyCount "54"]
[EventDate "2022.03.07"]
[EventType "tourn (corr)"]
[EventRounds "6"]
[EventCountry "GER"]
[SourceTitle "Corr 2024"]
[Source "ChessBase"]
[SourceDate "2023.10.19"]
[SourceVersion "1"]
[SourceVersionDate "2023.10.19"]
[SourceQuality "1"]

1. d4 Nf6 2. c4 e6 3. Nf3 b6 4. g3 Ba6 5. Qc2 c5 6. d5 exd5 7. cxd5 Bb7 8. Bg2 Nxd5 9. 0-0 Be7 10. Rd1 Nc6 11. Qa4 Nf6 12. Nh4 0-0 13. Nf5 d5 14. Nc3 Nd4 15. Nxd4 cxd4 16. Rxd4 Bc5 17. Rd3 Qe8 18. Bg5 Ne4 19. Bxe4 dxe4 20. Qxe8 Rfxe8 21. Rd7 Bc6 22. Rdd1 e3 23. Bxe3 Bxe3 24. Rd6 Rac8 25. fxe3 Rxe3 26. Kf2 Re5 27. Rc1 Rf5+ 1/2-1/2

[Event "RM-2022-0-00264"]
[Site "LSS email"]
[Date "2022.05.10"]
[Round "?"]
[White "Sinka, Istvan"]
[Black "Oliveira, Diogo"]
[Result "1/2-1/2"]
[WhiteElo "2430"]
[BlackElo "2229"]
[PlyCount "93"]
[EventDate "2022.03.07"]
[EventType "tourn (corr)"]
[EventRounds "6"]
[EventCountry "GER"]
[SourceTitle "Corr 2024"]
[Source "ChessBase"]
[SourceDate "2023.10.19"]
[SourceVersion "1"]
[SourceVersionDate "2023.10.19"]
[SourceQuality "1"]

1. Nf3 Nf6 2. d4 g6 3. c4 Bg7 4. Nc3 d5 5. Qb3 dxc4 6. Qxc4 0-0 7. e4 Na6 8. Be2 c5 9. d5 e6 10. 0-0 exd5 11. exd5 Re8 12. Bg5 h6 13. Be3 Bf5 14. Rad1 Rc8 15. a3 Nb8 16. Bd3 Bg4 17. Qf4 Nbd7 18. h3 Bxf3 19. Qxf3 Ne5 20. Qf4 a6 21. Be2 b5 22. d6 Rc6 23. Nxb5 axb5 24. Bxb5 Qa8 25. Qa4 Nfd7 26. Bxc6 Nxc6 27. Qxa8 Rxa8 28. Bxc5 Nxc5 29. Rc1 Bxb2 30. Rxc5 Nd8 31. Rb5 Bf6 32. Rb3 Ra6 33. Rd1 h5 34. Rdd3 Ne6 35. Rb4 Ra5 36. g3 Kf8 37. h4 Bd8 38. Kg2 Ra7 39. Rb8 Ke8 40. Rb5 Kd7 41. f4 f5 42. Rdb3 Kxd6 43. Rb7 Ra6 44. Rd3+ Kc6 45. Rf7 Ra5 46. Re3 Kd6 47. Rd3+ 1/2-1/2

[Event "RM-2022-0-00264"]
[Site "LSS email"]
[Date "2022.05.09"]
[Round "?"]
[White "Oliveira, Diogo"]
[Black "Martin, Simone"]
[Result "1/2-1/2"]
[WhiteElo "2229"]
[BlackElo "2200"]
[PlyCount "42"]
[EventDate "2022.03.07"]
[EventType "tourn (corr)"]
[EventRounds "6"]
[EventCountry "GER"]
[SourceTitle "Corr 2024"]
[Source "ChessBase"]
[SourceDate "2023.10.19"]
[SourceVersion "1"]
[SourceVersionDate "2023.10.19"]
[SourceQuality "1"]

1. c3 d5 2. Nf3 Nf6 3. d4 Bf5 4. Qb3 Qc8 5. Bf4 e6 6. c4 dxc4 7. Qxc4 Nbd7 8. Nc3 c5 9. g3 a6 10. a3 b5 11. Qa2 Ne4 12. Rc1 Qb7 13. Bg2 Nxc3 14. Rxc3 Be4 15. 0-0 Rc8 16. b3 Be7 17. dxc5 Rxc5 18. Rxc5 Nxc5 19. b4 Nd3 20. Be3 Bf6 21. exd3 Bxf3 1/2-1/2

[Event "SM-2021-0-00451"]
[Site "LSS email"]
[Date "2021.10.10"]
[Round "?"]
[White "Oliveira, Diogo"]
[Black "Khlopov, Sergej"]
[Result "1/2-1/2"]
[WhiteElo "2237"]
[BlackElo "2320"]
[PlyCount "79"]
[EventDate "2021.06.29"]
[EventType "tourn (corr)"]
[EventRounds "6"]
[EventCountry "GER"]
[SourceTitle "Corr 2024"]
[Source "ChessBase"]
[SourceDate "2023.10.19"]
[SourceVersion "1"]
[SourceVersionDate "2023.10.19"]
[SourceQuality "1"]

1. e4 c5 2. Nf3 d6 3. d4 cxd4 4. Nxd4 Nf6 5. Nc3 a6 6. g3 e5 7. Nde2 Be7 8. Bg2 b5 9. Nd5 Nbd7 10. Nec3 Nb6 11. Nxe7 Qxe7 12. Be3 Qc7 13. 0-0 0-0 14. Bg5 b4 15. Ne2 Nbd7 16. a3 Bb7 17. axb4 Bxe4 18. Bxe4 Nxe4 19. Bc1 h6 20. c3 Ndf6 21. Ra5 Rfe8 22. Qd3 Rad8 23. Qxa6 d5 24. f4 Qd7 25. Qd3 exf4 26. Bxf4 Qh3 27. Qf3 Ng4 28. Qg2 Qxg2+ 29. Kxg2 g5 30. Bc1 Nd2 31. Bxd2 Rxe2+ 32. Kf3 Rxh2 33. Kxg4 Rxd2 34. Ra7 Rf8 35. Rd7 Kg7 36. Kf3 Rxb2 37. Rxd5 Rc8 38. Rc5 Rxc5 39. bxc5 Rb5 40. Ke3 1/2-1/2

[Event "RM-2021-0-00245"]
[Site "LSS email"]
[Date "2021.09.25"]
[Round "?"]
[White "Oliveira, Diogo"]
[Black "Nichols, Scott"]
[Result "0-1"]
[WhiteElo "2237"]
[BlackElo "2335"]
[PlyCount "136"]
[EventDate "2021.06.08"]
[EventType "tourn (corr)"]
[EventRounds "6"]
[EventCountry "GER"]
[SourceTitle "Corr 2024"]
[Source "ChessBase"]
[SourceDate "2023.10.19"]
[SourceVersion "1"]
[SourceVersionDate "2023.10.19"]
[SourceQuality "1"]

1. g3 d5 2. Nf3 c5 3. Bg2 Nf6 4. 0-0 e6 5. b3 Be7 6. c4 d4 7. e3 Nc6 8. exd4 cxd4 9. Re1 0-0 10. Bb2 h6 11. d3 a5 12. Ne5 Ra6 13. Nd2 Nxe5 14. Rxe5 Nd7 15. Re2 e5 16. Qc2 b6 17. Rf1 Ra7 18. f4 exf4 19. Rxf4 Nf6 20. Kh1 Bc5 21. Nf3 Rd7 22. Ne5 Re7 23. Nc6 Rxe2 24. Qxe2 Re8 25. Qf1 Qd6 26. Nxd4 Re3 27. Bc3 Qd7 28. Qd1 b5 29. Qd2 b4 30. Bb2 Qe8 31. Rf1 Re7 32. Nf3 Be3 33. Qc2 Ng4 34. h3 Bb6 35. Qd2 Ne3 36. Re1 Bb7 37. d4 Re4 38. d5 Bc8 39. a3 Nxg2 40. Kxg2 Qd7 41. Ng1 Qf5 42. axb4 axb4 43. Rf1 Qg6 44. c5 Bxc5 45. Qc2 Ba6 46. Qxc5 Bxf1+ 47. Kxf1 Qf5+ 48. Qf2 Qxd5 49. Qf3 Qe6 50. Kf2 Qb6+ 51. Kg2 Re1 52. Ne2 Qe6 53. Nc1 Qc8 54. Kf2 Re6 55. Ne2 Qc5+ 56. Bd4 Rxe2+ 57. Kxe2 Qxd4 58. Qd3 Qe5+ 59. Kf2 g5 60. Kg2 Kg7 61. Qd1 Qe4+ 62. Kf2 Qf5+ 63. Kg2 Qc5 64. Qd2 Kg6 65. Kh2 h5 66. Qd3+ Kg7 67. Qd2 h4 68. gxh4 Qe5+ 0-1